Music Quiz / Girls' Generation Picture Quiz

Random Music or Kpop Quiz

Results

Quiz not verified by Sporcle

Challenge
Share
Tweet
Score 0/9 Timer 01:00
1 Play Today
% Correct
Sunny
91%
Yoona
88.4%
Jessica
87.6%
Yuri
87.3%
Taeyeon
86.6%
Tiffany
86.2%
Sooyoung
85.5%
Seohyun
84.8%
Hyoyeon
84.6%
 
Number % Answered
9 (all)
69.4%
8
6%
7
4.7%
6
4.1%
5
3.4%
4
3.4%
3
3.1%
2
3.2%
1
2.7%

You're not logged in!

Compare scores with friends on all Sporcle quizzes.
Sign Up with Email
OR
Log In

You Might Also Like...

Show Comments

Extras


Your Account Isn't Verified!

In order to create a playlist on Sporcle, you need to verify the email address you used during registration. Go to your Sporcle Settings to finish the process.